LIBRARY & INFORMATION CENTRE, KCAET, TAVANUR

ONLINE PUBLIC ACCESS CATALOGUE (OPAC)

Unit operations of chemical engineering / (Record no. 8750)

MARC details
000 -LEADER
fixed length control field 00516cam a2200193ua 4500
020 ## - INTERNATIONAL STANDARD BOOK NUMBER
ISBN 07 y66431 5
041 ## - LANGUAGE CODE
Language code of text/sound track or separate title eng
082 ## - DEWEY DECIMAL CLASSIFICATION NUMBER
Classification number 660.2842
Item number MCC/UN
100 ## - MAIN ENTRY--AUTHOR NAME
Personal name Mceabe, Warren L .
245 ## - TITLE STATEMENT
Title Unit operations of chemical engineering /
250 ## - EDITION STATEMENT
Edition statement 4 /
260 ## - PUBLICATION, DISTRIBUTION, ETC. (IMPRINT)
Place of publication New York :
Name of publisher McGraw Hill Book Company ,
Year of publication 1985.
300 ## - PHYSICAL DESCRIPTION
Number of Pages 960 ; .
700 1# - ADDED ENTRY--PERSONAL NAME
Personal name Harriott, Peter .
700 1# - ADDED ENTRY--PERSONAL NAME
Personal name Smith , JUlian C .
942 ## - ADDED ENTRY ELEMENTS (KOHA)
Koha item type Books
Holdings
Withdrawn status Lost status Damaged status Home library Current library Date acquired Full call number Accession Number Koha item type Collection code Shelving location
      KAUAET KAUAET 31/05/1989 660.2842 16513 Books    
      KAUAET KAUAET 31/05/1989 660.2842 MCC/UN 16512 Books Non-fiction General Stacks
free website counter